[Event "XVI. DBMM Schach"]
[Site "Dresden"]
[Date "2016.11.04"]
[Round "3.4"]
[White "Uhlarz, Joerg"]
[Black "Heinig, Juergen"]
[Result "0-1"]
[WhiteElo "1743"]
[BlackElo "1935"]
[Annotator "rgv"]
[PlyCount "100"]
[EventDate "2016.11.??"]
[SourceTitle "XVI. DBMM 2016"]
[Source "FV Schach e.V."]
[SourceDate "2017.06.14"]
[SourceVersion "1"]
[SourceVersionDate "2017.06.14"]
[SourceQuality "1"]
[WhiteTeam "W&W Wuestenrot & Wuerttemb. Stuttgart"]
[BlackTeam "Europark Altenberg"]
[WhiteTeamCountry "GER"]
[BlackTeamCountry "GER"]

1. d4 Nf6 2. c4 g6 3. Nc3 Bg7 4. Nf3 O-O 5. e4 d6 6. Be2 e5 7. O-O Nc6 8. d5
Ne7 9. b4 Nh5 10. Qb3 Nf4 11. Bd1 f5 12. c5 fxe4 13. Nxe4 Nf5 14. Bb2 Nd4 15.
Qc4 Nxf3+ 16. Bxf3 Bf5 17. Kh1 Kh8 18. Ng3 Bd3 19. Qb3 Bxf1 20. Rxf1 Qd7 21.
Ne4 b6 22. Ng5 Rae8 23. g3 h6 24. gxf4 hxg5 25. Be4 Rxf4 26. Bg2 Qg4 27. Bc1
Rxb4 28. Qd3 Qf5 29. Qa3 a5 30. cxd6 cxd6 31. Qe3 Rh4 32. Qxb6 e4 33. Bb2 Be5
34. Bxe5+ Qxe5 35. h3 g4 36. Qe3 gxh3 37. Bxh3 Rf8 38. Kg2 Rf3 39. Qc1 Rfxh3
40. Qc8+ Kh7 41. Qxh3 Rxh3 42. Kxh3 Qxd5 43. Kg4 Qf5+ 44. Kg3 Qf3+ 45. Kh2 e3
46. a4 e2 47. Kg1 exf1=Q+ 48. Kxf1 g5 49. Kg1 g4 50. Kf1 g3 0-1

[Event "XVI. DBMM Schach"]
[Site "Dresden"]
[Date "2016.11.04"]
[Round "3.1"]
[White "Schmidt, Harald"]
[Black "Koerlin, Hans Juergen"]
[Result "1-0"]
[WhiteElo "2364"]
[BlackElo "1855"]
[Annotator "rgv"]
[PlyCount "47"]
[EventDate "2016.11.??"]
[SourceTitle "XVI. DBMM 2016"]
[Source "FV Schach e.V."]
[SourceDate "2017.06.14"]
[SourceVersion "1"]
[SourceVersionDate "2017.06.14"]
[SourceQuality "1"]
[WhiteTeam "Transit Hamburg"]
[BlackTeam "BA Tempelhof Berlin II"]
[WhiteTeamCountry "GER"]
[BlackTeamCountry "GER"]

1. c4 e5 2. a3 Nf6 3. Nf3 e4 4. Nd4 d5 5. cxd5 Qxd5 6. e3 Bd7 7. Nc3 Qe5 8. f4
Qa5 9. Qc2 c5 10. b4 cxb4 11. axb4 Qc7 12. Nxe4 Nd5 13. Bc4 Nxb4 14. Bxf7+ Kd8
15. Qxc7+ Kxc7 16. O-O N8c6 17. Nb5+ Kb6 18. Bc4 Na5 19. Nbd6 Bc6 20. Be2 Bd5
21. Ba3 Nbc6 22. Nc3 Be6 23. Ndb5 Rd8 24. Na4+ 1-0

[Event "XVI. DBMM Schach"]
[Site "Dresden"]
[Date "2016.11.04"]
[Round "3.2"]
[White "Schmidt, Joerg"]
[Black "Urban, Ralf-Dieter"]
[Result "0-1"]
[WhiteElo "1736"]
[BlackElo "2034"]
[Annotator "rgv"]
[PlyCount "74"]
[EventDate "2016.11.??"]
[SourceTitle "XVI. DBMM 2016"]
[Source "FV Schach e.V."]
[SourceDate "2017.06.14"]
[SourceVersion "1"]
[SourceVersionDate "2017.06.14"]
[SourceQuality "1"]
[WhiteTeam "BA Tempelhof Berlin II"]
[BlackTeam "Transit Hamburg"]
[WhiteTeamCountry "GER"]
[BlackTeamCountry "GER"]

1. e4 e5 2. Nf3 Nc6 3. Bb5 a6 4. Ba4 f5 5. d3 Bc5 6. O-O d6 7. Be3 Bxe3 8. fxe3
Nf6 9. exf5 Bxf5 10. Nxe5 dxe5 11. Rxf5 O-O 12. Bxc6 bxc6 13. Nc3 Qd7 14. Rf1
Rab8 15. b3 Rb4 16. Qf3 Re8 17. Qf5 Qe7 18. Rf3 h6 19. Rg3 e4 20. d4 c5 21. Nd5
Nxd5 22. Qxd5+ Kh8 23. Qxc5 Qxc5 24. dxc5 Rb5 25. Rd1 Rxc5 26. c4 Ra5 27. Rd2
Re6 28. Rg4 g5 29. h4 Kg7 30. hxg5 hxg5 31. Rd4 Rxa2 32. Rxg5+ Kf6 33. Rc5 Re2
34. Rxc7 Rxe3 35. b4 Rb3 36. c5 e3 37. Rd6 Rb1+ 0-1

[Event "XVI. DBMM Schach"]
[Site "Dresden"]
[Date "2016.11.04"]
[Round "3.3"]
[White "Ziller, Christian"]
[Black "Quast, Michael"]
[Result "1-0"]
[WhiteElo "2071"]
[BlackElo "1723"]
[Annotator "rgv"]
[PlyCount "75"]
[EventDate "2016.11.??"]
[SourceTitle "XVI. DBMM 2016"]
[Source "FV Schach e.V."]
[SourceDate "2017.06.14"]
[SourceVersion "1"]
[SourceVersionDate "2017.06.14"]
[SourceQuality "1"]
[WhiteTeam "Transit Hamburg"]
[BlackTeam "BA Tempelhof Berlin II"]
[WhiteTeamCountry "GER"]
[BlackTeamCountry "GER"]

1. d4 Nf6 2. Nf3 g6 3. Bf4 Bg7 4. c3 O-O 5. Nbd2 d5 6. e3 Nh5 7. Bg5 h6 8. Bh4
Nd7 9. Be2 c6 10. Ne5 Nhf6 11. Qc2 Nxe5 12. dxe5 Ng4 13. Bxg4 Bxg4 14. Qa4 Bd7
15. Qb4 g5 16. Bg3 b6 17. Rd1 c5 18. Qb3 Be6 19. Qc2 Qc8 20. O-O Bg4 21. f3 Bh5
22. e4 Bg6 23. Qa4 e6 24. Rfe1 Rd8 25. Re2 Qd7 26. Qxd7 Rxd7 27. Nc4 Rad8 28.
Red2 Kf8 29. Ne3 d4 30. cxd4 cxd4 31. Nc2 d3 32. Ne1 f5 33. exf6 Bxf6 34. Rxd3
Bd4+ 35. Bf2 e5 36. Bxd4 exd4 37. Nc2 Bf7 38. b3 1-0

[Event "XVI. DBMM Schach"]
[Site "Dresden"]
[Date "2016.11.04"]
[Round "3.4"]
[White "Schneider, Eckehard"]
[Black "Meister, Bernd Holger"]
[Result "0-1"]
[WhiteElo "1811"]
[BlackElo "1812"]
[Annotator "rgv"]
[PlyCount "40"]
[EventDate "2016.11.??"]
[SourceTitle "XVI. DBMM 2016"]
[Source "FV Schach e.V."]
[SourceDate "2017.06.14"]
[SourceVersion "1"]
[SourceVersionDate "2017.06.14"]
[SourceQuality "1"]
[WhiteTeam "BA Tempelhof Berlin II"]
[BlackTeam "Transit Hamburg"]
[WhiteTeamCountry "GER"]
[BlackTeamCountry "GER"]

1. d4 Nf6 2. c4 g6 3. Nc3 Bg7 4. Nf3 O-O 5. Bf4 d6 6. e3 Nbd7 7. Be2 c6 8. O-O
Nh5 9. Bg3 Nxg3 10. fxg3 e5 11. Rc1 Qe7 12. e4 exd4 13. Nxd4 Ne5 14. Nb3 Be6
15. Nd2 a6 16. b3 Rad8 17. Nf3 Ng4 18. Qd3 Bh6 19. Nh4 Be3+ 20. Kh1 Bxc1 0-1

[Event "XVI. DBMM Schach"]
[Site "Dresden"]
[Date "2016.11.04"]
[Round "3.1"]
[White "Leube, Oliver"]
[Black "Bangert, Udo"]
[Result "0-1"]
[WhiteElo "1928"]
[BlackElo "1905"]
[Annotator "rgv"]
[PlyCount "92"]
[EventDate "2016.11.??"]
[SourceTitle "XVI. DBMM 2016"]
[Source "FV Schach e.V."]
[SourceDate "2017.06.14"]
[SourceVersion "1"]
[SourceVersionDate "2017.06.14"]
[SourceQuality "1"]
[WhiteTeam "Transit Hamburg II"]
[BlackTeam "SG Stern Stuttgart"]
[WhiteTeamCountry "GER"]
[BlackTeamCountry "GER"]

1. d4 Nf6 2. c4 e6 3. Nf3 b6 4. Bg5 Bb7 5. e3 Be7 6. Nbd2 Ne4 7. Bxe7 Qxe7 8.
Nxe4 Bxe4 9. Bd3 Qb4+ 10. Qd2 Qxd2+ 11. Kxd2 Bxd3 12. Kxd3 d6 13. Rac1 Nd7 14.
Rhd1 a5 15. e4 f6 16. e5 O-O 17. exd6 cxd6 18. Nd2 f5 19. f4 Rfe8 20. Nf3 e5
21. fxe5 dxe5 22. dxe5 Nxe5+ 23. Nxe5 Rxe5 24. Re1 Rd8+ 25. Kc3 Rde8 26. Rxe5
Rxe5 27. Rc2 Kf7 28. b3 Ke6 29. Rd2 Re3+ 30. Rd3 Re2 31. Rd2 Re1 32. a3 Ra1 33.
Kb2 Re1 34. b4 axb4 35. axb4 g5 36. Kb3 f4 37. c5 bxc5 38. bxc5 Rc1 39. Kb4 g4
40. Kb5 Ke5 41. c6 f3 42. gxf3 gxf3 43. Kb6 Ke4 44. Rd7 f2 45. Re7+ Kd5 46.
Rd7+ Ke6 0-1

[Event "XVI. DBMM Schach"]
[Site "Dresden"]
[Date "2016.11.04"]
[Round "3.2"]
[White "Wepfer, Bernd"]
[Black "Supplieth, Joerg"]
[Result "1-0"]
[WhiteElo "1887"]
[BlackElo "1731"]
[Annotator "rgv"]
[PlyCount "33"]
[EventDate "2016.11.??"]
[SourceTitle "XVI. DBMM 2016"]
[Source "FV Schach e.V."]
[SourceDate "2017.06.14"]
[SourceVersion "1"]
[SourceVersionDate "2017.06.14"]
[SourceQuality "1"]
[WhiteTeam "SG Stern Stuttgart"]
[BlackTeam "Transit Hamburg II"]
[WhiteTeamCountry "GER"]
[BlackTeamCountry "GER"]

1. c4 g6 2. g3 Bg7 3. Bg2 Nc6 4. Nc3 d6 5. Nf3 Nf6 6. O-O O-O 7. d3 e5 8. Rb1
Re8 9. b4 e4 10. dxe4 Nxe4 11. Nxe4 Rxe4 12. Ng5 Rxc4 13. Qd5 Rd4 14. Qxf7+ Kh8
15. Bxc6 bxc6 16. Bb2 Bf5 17. Bxd4 1-0

[Event "XVI. DBMM Schach"]
[Site "Dresden"]
[Date "2016.11.04"]
[Round "3.3"]
[White "Schroeder, Kai Uwe"]
[Black "Molzan, Andreas"]
[Result "1/2-1/2"]
[WhiteElo "1858"]
[BlackElo "1255"]
[Annotator "rgv"]
[PlyCount "107"]
[EventDate "2016.11.??"]
[SourceTitle "XVI. DBMM 2016"]
[Source "FV Schach e.V."]
[SourceDate "2017.06.14"]
[SourceVersion "1"]
[SourceVersionDate "2017.06.14"]
[SourceQuality "1"]
[WhiteTeam "Transit Hamburg II"]
[BlackTeam "SG Stern Stuttgart"]
[WhiteTeamCountry "GER"]
[BlackTeamCountry "GER"]

1. e4 e5 2. Nf3 Nc6 3. Bb5 Bc5 4. O-O Nf6 5. d3 a6 6. Bxc6 dxc6 7. Be3 Bxe3 8.
fxe3 Bg4 9. Qe1 Qe7 10. Nbd2 O-O-O 11. Qg3 h5 12. Qxe5 Qd7 13. Qc5 Kb8 14. Ne5
Qe8 15. Ndf3 Bxf3 16. Rxf3 Nd7 17. Nxd7+ Qxd7 18. Qf5 Qxf5 19. Rxf5 f6 20. Raf1
Rde8 21. R1f3 Re6 22. Kf2 Kc8 23. Ke2 Kd7 24. Rh3 g6 25. Rf4 Ke7 26. Rfh4 Re5
27. Rf4 Ke6 28. d4 Rb5 29. b3 g5 30. Rf1 g4 31. Rh4 f5 32. e5 c5 33. Kd3 cxd4
34. exd4 c5 35. a4 Ra5 36. Rf4 cxd4 37. Rxd4 Rxe5 38. h3 Rd5 39. hxg4 fxg4 40.
c4 Rxd4+ 41. Kxd4 Kf5 42. g3 Kg5 43. Rh1 h4 44. gxh4+ Rxh4 45. Rg1 Kf4 46. b4
Kf3 47. b5 axb5 48. axb5 Kf2 49. Rb1 g3+ 50. Kd5 g2 51. c5 Rh8 52. Rb2+ Kf1 53.
Rb1+ Kf2 54. Rb2+ 1/2-1/2

[Event "XVI. DBMM Schach"]
[Site "Dresden"]
[Date "2016.11.04"]
[Round "3.4"]
[White "Salomon, Hendrik"]
[Black "Rulfs, Ernst August"]
[Result "0-1"]
[WhiteElo "1200"]
[BlackElo "1598"]
[Annotator "rgv"]
[PlyCount "62"]
[EventDate "2016.11.??"]
[SourceTitle "XVI. DBMM 2016"]
[Source "FV Schach e.V."]
[SourceDate "2017.06.14"]
[SourceVersion "1"]
[SourceVersionDate "2017.06.14"]
[SourceQuality "1"]
[WhiteTeam "SG Stern Stuttgart"]
[BlackTeam "Transit Hamburg II"]
[WhiteTeamCountry "GER"]
[BlackTeamCountry "GER"]

1. e4 e6 2. Nf3 d5 3. Nc3 c5 4. Bb5+ Nc6 5. O-O Bd7 6. exd5 exd5 7. Nxd5 Nge7
8. Re1 Nd4 9. Nxd4 cxd4 10. Bxd7+ Qxd7 11. c4 O-O-O 12. Nxe7+ Bxe7 13. d3 Rhe8
14. Qf3 Bb4 15. Rxe8 Rxe8 16. Bf4 Qe7 17. Qg4+ Kd8 18. Bg5 f6 19. Qxd4+ Bd6 20.
Be3 b6 21. Re1 Qd7 22. Qd5 Re5 23. Qg8+ Kc7 24. Qxh7 Qf7 25. g4 f5 26. h3 fxg4
27. hxg4 Bc5 28. Qh2 Bd6 29. Bd2 Rxe1+ 30. Bxe1 Bxh2+ 31. Kxh2 Qf4+ 0-1

[Event "XVI. DBMM Schach"]
[Site "Dresden"]
[Date "2016.11.04"]
[Round "3.1"]
[White "Hartmann, Jens"]
[Black "Lau, Peter"]
[Result "1/2-1/2"]
[WhiteElo "1804"]
[BlackElo "1801"]
[Annotator "rgv"]
[PlyCount "39"]
[EventDate "2016.11.??"]
[SourceTitle "XVI. DBMM 2016"]
[Source "FV Schach e.V."]
[SourceDate "2017.06.14"]
[SourceVersion "1"]
[SourceVersionDate "2017.06.14"]
[SourceQuality "1"]
[WhiteTeam "Baubehörde Hamburg II"]
[BlackTeam "Sparkassen-Versicherung Stuttgart II"]
[WhiteTeamCountry "GER"]
[BlackTeamCountry "GER"]

1. e4 e6 2. d4 d5 3. exd5 exd5 4. Bd3 Bd6 5. Ne2 Ne7 6. O-O Nbc6 7. c3 Bf5 8.
Ng3 Bxd3 9. Qxd3 Qd7 10. Re1 O-O 11. Re3 Ng6 12. Nd2 Bf4 13. Rf3 Rfe8 14. Nb3
Re1+ 15. Nf1 Bxc1 16. Rxc1 Rxc1 17. Nxc1 Re8 18. Ne2 Nh4 19. Rh3 Qf5 20. Qxf5
1/2-1/2

[Event "XVI. DBMM Schach"]
[Site "Dresden"]
[Date "2016.11.04"]
[Round "3.2"]
[White "Wirth, Volker"]
[Black "Hoffeins, Hans Werner"]
[Result "1/2-1/2"]
[WhiteElo "1717"]
[BlackElo "1441"]
[Annotator "rgv"]
[PlyCount "41"]
[EventDate "2016.11.??"]
[SourceTitle "XVI. DBMM 2016"]
[Source "FV Schach e.V."]
[SourceDate "2017.06.14"]
[SourceVersion "1"]
[SourceVersionDate "2017.06.14"]
[SourceQuality "1"]
[WhiteTeam "Sparkassen-Versicherung Stuttgart II"]
[BlackTeam "Baubehörde Hamburg II"]
[WhiteTeamCountry "GER"]
[BlackTeamCountry "GER"]

1. d4 Nf6 2. c4 g6 3. Nf3 Bg7 4. Bg5 h6 5. Bh4 g5 6. Bg3 d6 7. e3 Bf5 8. Nc3 c6
9. Bd3 Bxd3 10. Qxd3 Nh5 11. O-O Nd7 12. e4 Nxg3 13. hxg3 e5 14. Rad1 Bf6 15.
dxe5 dxe5 16. Qe2 Qe7 17. Nh2 h5 18. g4 h4 19. Rd2 O-O-O 20. Rfd1 Nc5 21. Nf3
1/2-1/2

[Event "XVI. DBMM Schach"]
[Site "Dresden"]
[Date "2016.11.04"]
[Round "3.3"]
[White "Lindemann, Thomas"]
[Black "Brethauer, Tim"]
[Result "1-0"]
[WhiteElo "1536"]
[BlackElo "1641"]
[Annotator "rgv"]
[PlyCount "59"]
[EventDate "2016.11.??"]
[SourceTitle "XVI. DBMM 2016"]
[Source "FV Schach e.V."]
[SourceDate "2017.06.14"]
[SourceVersion "1"]
[SourceVersionDate "2017.06.14"]
[SourceQuality "1"]
[WhiteTeam "Baubehörde Hamburg II"]
[BlackTeam "Sparkassen-Versicherung Stuttgart II"]
[WhiteTeamCountry "GER"]
[BlackTeamCountry "GER"]

1. e4 e6 2. f4 d5 3. exd5 exd5 4. d4 Nf6 5. Nf3 Bd6 6. Bd3 O-O 7. O-O Bg4 8.
Be2 Nbd7 9. Nc3 c6 10. Ne5 Bxe2 11. Nxe2 Qc7 12. Ng3 c5 13. Be3 cxd4 14. Bxd4
Nxe5 15. fxe5 Bxe5 16. Bxe5 Qxe5 17. c3 Qe3+ 18. Kh1 Rad8 19. Rf3 Qb6 20. Qc2
Rfe8 21. Raf1 Re6 22. Nf5 Kf8 23. Qc1 Ne4 24. Nxg7 Kxg7 25. Rxf7+ Kg6 26. Qf4
Nf2+ 27. Rxf2 Re1+ 28. Rf1 Rxf1+ 29. Qxf1 Rd6 30. Qf5+ 1-0

[Event "XVI. DBMM Schach"]
[Site "Dresden"]
[Date "2016.11.05"]
[Round "4.1"]
[White "Maiwald, Jens Uwe"]
[Black "Schramm, Christian"]
[Result "1-0"]
[WhiteElo "2448"]
[BlackElo "2390"]
[Annotator "br"]
[PlyCount "80"]
[EventDate "2016.11.??"]
[SourceTitle "XVI. DBMM 2016"]
[Source "FV Schach e.V."]
[SourceDate "2017.06.14"]
[SourceVersion "1"]
[SourceVersionDate "2017.06.14"]
[SourceQuality "1"]
[WhiteTeam "UKA GmbH Meissen"]
[BlackTeam "AGI Frankfurt"]
[WhiteTeamCountry "GER"]
[BlackTeamCountry "GER"]

1. d4 Nf6 2. Nf3 e6 3. c3 c5 4. Bf4 b6 5. e3 Bb7 6. Nbd2 Be7 7. Bd3 O-O 8. h3
d5 9. O-O Nc6 10. Qe2 Bd6 11. Bxd6 Qxd6 12. dxc5 bxc5 13. e4 Ne5 14. Nxe5 Qxe5
15. f4 Qh5 16. e5 Qxe2 17. Bxe2 Nd7 18. Nb3 Rab8 19. Bb5 c4 20. Bxd7 cxb3 21.
axb3 Rfd8 22. Ba4 d4 23. Rfd1 d3 24. Rd2 a5 25. Kf2 f6 26. exf6 gxf6 27. Ke3
Kf7 28. g3 h5 29. h4 Rg8 30. Rg1 Rbd8 31. Rxd3 Rxd3+ 32. Kxd3 e5 33. fxe5 fxe5
34. Ke3 Ke6 35. Bb5 e4 36. Be2 Ke5 37. Bxh5 Bd5 38. Bd1 Rb8 39. g4 Bxb3 40.
Bxb3 Rxb3 1-0

[Event "XVI. DBMM Schach"]
[Site "Dresden"]
[Date "2016.11.05"]
[Round "4.2"]
[White "Rietze, Clemens"]
[Black "Moehn, Hans"]
[Result "0-1"]
[WhiteElo "2359"]
[BlackElo "2386"]
[Annotator "br"]
[PlyCount "108"]
[EventDate "2016.11.??"]
[SourceTitle "XVI. DBMM 2016"]
[Source "FV Schach e.V."]
[SourceDate "2017.06.14"]
[SourceVersion "1"]
[SourceVersionDate "2017.06.14"]
[SourceQuality "1"]
[WhiteTeam "AGI Frankfurt"]
[BlackTeam "UKA GmbH Meissen"]
[WhiteTeamCountry "GER"]
[BlackTeamCountry "GER"]

1. d4 Nf6 2. c4 e6 3. Nc3 Bb4 4. e3 O-O 5. Nge2 d5 6. a3 Be7 7. cxd5 exd5 8.
Nf4 Re8 9. Bd3 Bd6 10. Nfe2 b6 11. Qc2 c5 12. Nb5 c4 13. Bf5 Nc6 14. O-O a6 15.
Nbc3 b5 16. f3 Bf8 17. Bxc8 Rxc8 18. Bd2 Qb6 19. Nf4 Rcd8 20. g4 h6 21. h4 Ne7
22. Kg2 g6 23. Rh1 Bg7 24. h5 g5 25. Nfe2 Nc8 26. Ng3 Nd6 27. Nce2 a5 28. Nf5
Nxf5 29. Qxf5 Re6 30. Qc2 Ne8 31. Rhe1 Nd6 32. Nc3 Qb7 33. Rad1 Rf8 34. Ne2 f5
35. Bxa5 fxg4 36. fxg4 Re4 37. Ng3 Rxg4 38. Qe2 Qd7 39. Rf1 Ne4 40. Be1 Rxf1
41. Qxf1 Bf8 42. Kf3 Nxg3 43. Bxg3 Qf5+ 44. Kg2 Qxf1+ 45. Rxf1 Bd6 46. Rf3 Kg7
47. Kf2 Bxg3+ 48. Rxg3 Rxg3 49. Kxg3 Kf6 50. Kf2 Kf5 51. Kf3 g4+ 52. Kg3 Kg5
53. e4 dxe4 54. d5 e3 0-1

[Event "XVI. DBMM Schach"]
[Site "Dresden"]
[Date "2016.11.05"]
[Round "4.3"]
[White "Loxine, Jakov"]
[Black "Guth, Thomas"]
[Result "1-0"]
[WhiteElo "2409"]
[BlackElo "2301"]
[Annotator "br"]
[PlyCount "109"]
[EventDate "2016.11.??"]
[SourceTitle "XVI. DBMM 2016"]
[Source "FV Schach e.V."]
[SourceDate "2017.06.14"]
[SourceVersion "1"]
[SourceVersionDate "2017.06.14"]
[SourceQuality "1"]
[WhiteTeam "UKA GmbH Meissen"]
[BlackTeam "AGI Frankfurt"]
[WhiteTeamCountry "GER"]
[BlackTeamCountry "GER"]

1. Nf3 e6 2. c4 c5 3. g3 b6 4. Bg2 Bb7 5. Nc3 a6 6. O-O Qc7 7. e4 d6 8. b3 Nd7
9. Bb2 Ngf6 10. Qe2 Be7 11. d4 cxd4 12. Nxd4 O-O 13. g4 g6 14. Rac1 Rac8 15. f4
Qb8 16. g5 Nh5 17. Qg4 Nc5 18. Rcd1 b5 19. cxb5 axb5 20. b4 Na4 21. Nxa4 bxa4
22. Rf2 a3 23. Ba1 Rc4 24. Nxe6 Bc8 25. Qe2 Bxe6 26. f5 Qc8 27. fxe6 Qxe6 28.
Qd3 Bxg5 29. Qxa3 Rxe4 30. Qc3 f6 31. Bxe4 Qg4+ 32. Bg2 Qxd1+ 33. Rf1 Qg4 34.
Kh1 Bf4 35. Qf3 Qh4 36. Qh3 Qg5 37. Qe6+ Kg7 38. a4 Kh6 39. Bd4 Bxh2 40. Qh3
Kg7 41. Kxh2 Nf4 42. Be3 Nxh3 43. Bxg5 Nxg5 44. a5 Ne6 45. a6 Nc7 46. a7 d5 47.
Rc1 Nb5 48. Bxd5 Nxa7 49. Rc7+ Kh6 50. Rxa7 Rb8 51. Bb7 Kg5 52. b5 Rd8 53. Bg2
f5 54. b6 Rd2 55. b7 1-0

[Event "XVI. DBMM Schach"]
[Site "Dresden"]
[Date "2016.11.05"]
[Round "4.4"]
[White "Buescher, Henrik"]
[Black "Hoffmann, Paul"]
[Result "1/2-1/2"]
[WhiteElo "2112"]
[BlackElo "2372"]
[Annotator "br"]
[PlyCount "82"]
[EventDate "2016.11.??"]
[SourceTitle "XVI. DBMM 2016"]
[Source "FV Schach e.V."]
[SourceDate "2017.06.14"]
[SourceVersion "1"]
[SourceVersionDate "2017.06.14"]
[SourceQuality "1"]
[WhiteTeam "AGI Frankfurt"]
[BlackTeam "UKA GmbH Meissen"]
[WhiteTeamCountry "GER"]
[BlackTeamCountry "GER"]

1. d4 Nf6 2. e3 e6 3. f4 b6 4. Nf3 Bb7 5. Bd3 c5 6. c3 Nc6 7. O-O Be7 8. Qe1
Qc7 9. a4 a6 10. Na3 Na5 11. b4 Nb3 12. Rb1 Nxc1 13. Qxc1 cxb4 14. cxb4 Qxc1
15. Rfxc1 Nd5 16. Be4 f5 17. Bxd5 Bxd5 18. Ne5 g5 19. Nac4 Bxc4 20. Nxc4 b5 21.
Nb6 Rb8 22. a5 gxf4 23. exf4 Bd8 24. d5 Bxb6+ 25. axb6 exd5 26. Ra1 Ke7 27.
Rxa6 Rhc8 28. Rxc8 Rxc8 29. b7 Rb8 30. Rb6 d6 31. Rxb5 Kd7 32. Rxd5 Rxb7 33.
Rxf5 Rxb4 34. g3 Ke6 35. Rh5 Rb2 36. Rxh7 Kf5 37. Rd7 Rd2 38. h4 Kg4 39. Rg7+
Kf3 40. f5 Rd1+ 41. Kh2 Rd2+ 1/2-1/2

[Event "XVI. DBMM Schach"]
[Site "Dresden"]
[Date "2016.11.05"]
[Round "4.1"]
[White "Kleeschaetzky, Rainer"]
[Black "Haasler, Andreas"]
[Result "1-0"]
[WhiteElo "2321"]
[BlackElo "2202"]
[Annotator "br"]
[PlyCount "59"]
[EventDate "2016.11.??"]
[SourceTitle "XVI. DBMM 2016"]
[Source "FV Schach e.V."]
[SourceDate "2017.06.14"]
[SourceVersion "1"]
[SourceVersionDate "2017.06.14"]
[SourceQuality "1"]
[WhiteTeam "Deutsche Bahn/BSW Berlin"]
[BlackTeam "Deutsche Bahn/BSW Frankfurt/M"]
[WhiteTeamCountry "GER"]
[BlackTeamCountry "GER"]

1. e4 e6 2. d4 d5 3. e5 c5 4. c3 Qb6 5. Nf3 Bd7 6. a3 a5 7. b3 cxd4 8. cxd4 Ne7
9. Bb2 Bb5 10. Bxb5+ Qxb5 11. Nc3 Qa6 12. Ne2 Nf5 13. g4 Nh6 14. h3 f6 15. Rc1
Nf7 16. O-O Nd7 17. Nf4 fxe5 18. dxe5 Bc5 19. Nxd5 exd5 20. Qxd5 Qe2 21. e6 O-O
22. exd7 b6 23. Bc3 Rad8 24. b4 Bd6 25. Rce1 Qc2 26. Qd4 Qg6 27. Re6 Ne5 28.
Rxe5 Rxf3 29. Qd5+ Kh8 30. Qxf3 1-0

[Event "XVI. DBMM Schach"]
[Site "Dresden"]
[Date "2016.11.05"]
[Round "4.2"]
[White "Haenisch, Uwe"]
[Black "Schuettig, Ruediger"]
[Result "1-0"]
[WhiteElo "2195"]
[BlackElo "2234"]
[Annotator "br"]
[PlyCount "71"]
[EventDate "2016.11.??"]
[SourceTitle "XVI. DBMM 2016"]
[Source "FV Schach e.V."]
[SourceDate "2017.06.14"]
[SourceVersion "1"]
[SourceVersionDate "2017.06.14"]
[SourceQuality "1"]
[WhiteTeam "Deutsche Bahn/BSW Frankfurt/M"]
[BlackTeam "Deutsche Bahn/BSW Berlin"]
[WhiteTeamCountry "GER"]
[BlackTeamCountry "GER"]

1. e4 d5 2. exd5 Nf6 3. d4 Nxd5 4. Nf3 Bg4 5. h3 Bh5 6. g4 Bg6 7. Ne5 Nd7 8.
Nxg6 hxg6 9. Bg2 c6 10. c4 N5b6 11. b3 e6 12. O-O Be7 13. Nc3 O-O 14. Bb2 g5
15. Qe2 Re8 16. Rad1 Nf8 17. f4 gxf4 18. Rxf4 Bg5 19. Rff1 Ng6 20. Ne4 Bf4 21.
Rd3 Nd7 22. Rdf3 f5 23. Ng3 e5 24. Nxf5 exd4 25. Qc2 Qg5 26. Bxd4 Nde5 27. Bxe5
Rxe5 28. Qf2 Re4 29. Rd3 Re5 30. Kh1 Rae8 31. Rd7 Rxf5 32. gxf5 Nh4 33. f6 gxf6
34. Bd5+ cxd5 35. Rg1 Re3 36. Qxh4 1-0

[Event "XVI. DBMM Schach"]
[Site "Dresden"]
[Date "2016.11.05"]
[Round "4.3"]
[White "Woschech, Andreas"]
[Black "Kopp, Jan"]
[Result "0-1"]
[WhiteElo "2197"]
[BlackElo "2042"]
[Annotator "br"]
[PlyCount "98"]
[EventDate "2016.11.??"]
[SourceTitle "XVI. DBMM 2016"]
[Source "FV Schach e.V."]
[SourceDate "2017.06.14"]
[SourceVersion "1"]
[SourceVersionDate "2017.06.14"]
[SourceQuality "1"]
[WhiteTeam "Deutsche Bahn/BSW Berlin"]
[BlackTeam "Deutsche Bahn/BSW Frankfurt/M"]
[WhiteTeamCountry "GER"]
[BlackTeamCountry "GER"]

1. e4 c5 2. Nf3 g6 3. d4 cxd4 4. Qxd4 Nf6 5. c4 Nc6 6. Qd3 d6 7. Nc3 Bg7 8. Be2
O-O 9. O-O Nd7 10. Be3 Nc5 11. Qc2 Qa5 12. Bd2 Qd8 13. Rad1 f5 14. Be3 b6 15.
Nd4 Nxd4 16. Bxd4 e5 17. Bxc5 bxc5 18. Qd2 Rf6 19. Na4 Qe8 20. Nc3 Bb7 21. Nd5
Rf7 22. exf5 gxf5 23. Bh5 Qe6 24. Bxf7+ Qxf7 25. Qg5 Kh8 26. f3 h6 27. Qh4 Re8
28. Kh1 Qg6 29. Qg3 Qh5 30. Qf2 e4 31. fxe4 fxe4 32. Nf4 Qf7 33. Qg3 Kh7 34.
Nd5 Qh5 35. Qxd6 e3 36. Rde1 e2 37. Rf4 Qg5 38. h4 Qg3 39. Qd7 Qxe1+ 40. Kh2
Rf8 41. Rg4 Qh1+ 42. Kxh1 e1=Q+ 43. Kh2 Qe5+ 44. Rg3 Bc8 45. Qxa7 Qd4 46. Qe7
Rf1 47. Ne3 Rf4 48. Kg1 Qxb2 49. Qxc5 Qf2+ 0-1

[Event "XVI. DBMM Schach"]
[Site "Dresden"]
[Date "2016.11.05"]
[Round "4.4"]
[White "Perlitz, Sven"]
[Black "Kleeschaetzky, Ralf"]
[Result "1/2-1/2"]
[WhiteElo "2065"]
[BlackElo "2209"]
[Annotator "br"]
[PlyCount "46"]
[EventDate "2016.11.??"]
[SourceTitle "XVI. DBMM 2016"]
[Source "FV Schach e.V."]
[SourceDate "2017.06.14"]
[SourceVersion "1"]
[SourceVersionDate "2017.06.14"]
[SourceQuality "1"]
[WhiteTeam "Deutsche Bahn/BSW Frankfurt/M"]
[BlackTeam "Deutsche Bahn/BSW Berlin"]
[WhiteTeamCountry "GER"]
[BlackTeamCountry "GER"]

1. e4 c5 2. Nf3 Nc6 3. c3 d5 4. exd5 Qxd5 5. d4 cxd4 6. cxd4 e6 7. Nc3 Qd8 8.
Bd3 Nf6 9. O-O Be7 10. Qe2 O-O 11. Rd1 Nb4 12. Bb1 Nbd5 13. Bg5 b6 14. a3 Bb7
15. Qd3 g6 16. Ne5 Nxc3 17. bxc3 Nd7 18. Nxd7 Bxg5 19. Nxf8 Qxf8 20. Ba2 Bf6
21. c4 Rd8 $11 22. Qe3 Qd6 23. Rac1 Bxd4 1/2-1/2